Fr. Conceicao Rodrigues College of Engineering

Programming & problem solving with pascal (Record no. 30886)

MARC details
000 -LEADER
fixed length control field 00325nam a2200145Ia 4500
082 ## - DEWEY DECIMAL CLASSIFICATION NUMBER
Classification number 001.6424P
Item number GRA
100 ## - MAIN ENTRY--PERSONAL NAME
Personal name Graham/neill
245 ## - TITLE STATEMENT
Title Programming & problem solving with pascal
260 ## - PUBLICATION, DISTRIBUTION, ETC.
Name of publisher, distributor, etc. Jaico publishing
Place of publication, distribution, etc. Bombay
Date of publication, distribution, etc. 1992
300 ## - PHYSICAL DESCRIPTION
Extent 519
546 ## - LANGUAGE NOTE
Language note ENGLISH
654 ## - SUBJECT ADDED ENTRY--FACETED TOPICAL TERMS
Focus term pascal
942 ## - ADDED ENTRY ELEMENTS (KOHA)
Koha item type BOOK
Holdings
Withdrawn status Lost status Damaged status Not for loan Collection Home library Current library Date acquired Cost, normal purchase price Total Checkouts Full call number Barcode Date last seen Cost, replacement price Price effective from Koha item type Shelving location Source of acquisition
        CRC Fr. Agnel's C.Rodrigues College of Engineering Fr. Agnel's C.Rodrigues College of Engineering 17/03/2023 90.00   001.6424P GRA 3662 17/03/2023 90.00 17/03/2023 BOOK    
        CRC Fr. Agnel's C.Rodrigues College of Engineering Fr. Agnel's C.Rodrigues College of Engineering 17/03/2023 90.00   005.13 'F' 5467 17/03/2023 90.00 17/03/2023 BOOK   global books